banner-ar

IL KITABARD MIFTAHAN - NUJUM ATTRIBUITO A HERMES : PRIMA TRADUZIONE ARABA DI UN TESTO ASTROLOGICO / (Record no. 12411)

MARC details
000 -الفاتح
حقل البيانات ثابتة الطول 00533nam a2200169Ia 4500
008 - عناصر البيانات ثابتة الطول - معلومات عامة
حقل البيانات ثابتة الطول 140319s9999 xx 000 0 eng d
040 ## - مصدر الفهرسة
وكالة الفهرسة الأصلية GCL /
وكالة النسخ GCL
082 04 - رقم تصنيف ديوى العشرى
رقم التصنيف 892.7
رقم المادة V
100 1# - المدخل الرئيسى - إسم شخصى
الإسم الشخصى BOUSANI, ALESSANDRO
245 10 - بيان العنوان
العنوان IL KITABARD MIFTAHAN - NUJUM ATTRIBUITO A HERMES : PRIMA TRADUZIONE ARABA DI UN TESTO ASTROLOGICO /
بيان المسئوليه,etc BOUSANI, ALESSANDRO
260 ## - PUBLICATION, DISTRIBUTION, ETC. (IMPRINT)
تاريخ النشر أو التوزيع 1983
300 ## - الوصف المادى
التعداد 84 - 140
650 04 - المدخل الاضافى بالموضوع-مصطلح موضوعى
مصطلح موضوعي حوادث المرور
650 04 - المدخل الاضافى بالموضوع-مصطلح موضوعى
مصطلح موضوعي ASTROLOGY
942 ## - عناصر المدخل الإضافي( كوها)
مصدر التصنيف او مخطط الترفيف Dewey Decimal Classification
Koha [default] item type كتاب
260 ## - PUBLICATION, DISTRIBUTION, ETC. (IMPRINT)
-- [S.N] :
-- ACCADEMIA NAZIONALE DEI LINCEI ،
Holdings
حالة التراجع حالة الفقد حالة تلف ليس للاعارة المكان المؤقت الموقع الحالى تاريخ الاكتساب اجمالي اﻻعارات رقم الطلب الباركود تاريخ اخر مشاهدة تاريخ تفعيل السعر نوع وعاء كوها
        مكتبة القاهرة الكبرى مكتبة القاهرة الكبرى 03/26/2014   892.7\V 24156 03/26/2014 03/26/2014 كتاب

Powered By

EGPV